000
00300nam a22001337a 4500
008
170405b xxu||||| |||| 00| 0 eng d
020
_a
9780443065569
041
_a
eng
080
_a
616.15
100
_a
9
101
_a
SHM
245
_a
CLINICAL HEMATOLOGY AND ONCOLOGY
_c
FURIE, B
942
_2
udc
_c
BK
999
_c
9889
_d
9889